000 00641nam a22002297a 4500
001 BD-DhSAU 2188
003 BD-DhSAU
005 20150126160822.0
008 150126b1977 enka|||| |||| 001 0 eng d
020 _a0422744905
040 _aBD-DhSAU
082 _222
_a307.1412
_bLOI
100 _aLong, Norman
245 _aAn introduction to the sociology of rural development /
_cNorman Long
260 _aLondon :
_bTavistock Pub. ,
_cc1977.
300 _avii, 221 p. :
_bill. ;
_c22 cm.
504 _aIncludes bibliographical & index.
590 _aJerin
650 _aHorticulture
650 _arural development
650 _asociology
942 _2ddc
_cBOOK
999 _c2188
_d2188